000 00691nam a2200289Ia 4500
005 20260324122040.0
008 008 260324s9999 xx 000 0 eng d
020 _a9780203075319
037 _aEBOOK
040 _aCRL
040 _beng
040 _cCRL
041 _2eng
041 _aeng
084 _qCRL
100 _aMark Andrejevic
_91164906
245 0 _aInfoglut
245 0 _bHow Too Much Information Is Changing the Way We Think and Know
260 _bTaylor and Francis
260 _c2013
365 _a
365 _b255
856 _uhttp://www.taylorfrancis.com/books/9780203075319
942 _cEBOOK
999 _c1757376
_d1757376